logo

Bir Sreshtho Munshi Abdur Rouf Library
Jhenaidah Cadet College

আধুনিক বাংলা কাব্যে হিন্দু-মুসলমান সম্পর্ক : (Record no. 2029)

MARC details
000 -LEADER
fixed length control field 00791nam a2200217 a 4500
001 - CONTROL NUMBER
JCCL Control Number 2029
003 - CONTROL NUMBER IDENTIFIER
JCCL marc code BD-JhCC
005 - DATE AND TIME OF LATEST TRANSACTION
control field 20171029100054.0
008 - FIXED-LENGTH DATA ELEMENTS--GENERAL INFORMATION
fixed length control field 171028s1377 bg |||| ||a| 000 0 ben d
035 ## - SYSTEM CONTROL NUMBER
system control number (BD-JhCC)2029
040 ## - CATALOGING SOURCE
Original cataloging agency BD-JhCC
Modifying agency BD-JhCC
041 ## - LANGUAGE CODE
Language code of Book ben
082 ## - DEWEY DECIMAL CLASSIFICATION NUMBER
Classification number 891.4409
Author mark and Year MON 1377
100 ## - MAIN ENTRY--PERSONAL NAME
Personal name মনিরুজ্জামান, মোহাম্মদ
245 ## - TITLE STATEMENT
Title আধুনিক বাংলা কাব্যে হিন্দু-মুসলমান সম্পর্ক :
Remainder of title ১৮৫৭-১৯২০ /
Statement of responsibility, etc মোহাম্মদ মনিরুজ্জামান
260 ## - PUBLICATION, DISTRIBUTION, ETC. (IMPRINT)
Place of publication, distribution, etc ঢাকা :
Name of publisher, distributor, etc বাংলা একাডেমী,
Date of publication, distribution, etc 1377.
300 ## - PHYSICAL DESCRIPTION
Pagination 454 p. :
Dimensions 22 cm.
650 ## - SUBJECT ADDED ENTRY--TOPICAL TERM
Topical term or geographic name as entry element Bengali Literature
942 ## - ADDED ENTRY ELEMENTS (KOHA)
Source of classification or shelving scheme Dewey Decimal Classification
Koha item type Books
Holdings
Source of classification or shelving scheme Damaged status Not for loan Home library Current library Shelving location Date of accession Cost, normal purchase price Total Checkouts Full call number Barcode Date last seen Copy number Koha item type
Dewey Decimal Classification     JCC Rouf Library JCC Rouf Library General Stacks 10/28/2017 10.00   891.4409 MON 1377 3518 10/28/2017 C-1 Books
Dewey Decimal Classification     JCC Rouf Library JCC Rouf Library General Stacks 11/01/2017     891.4409 MON 1377 4012 11/01/2017 C-2 Books

JCC Library | Contacts | JCC Home

Last Update on 23 September 2017
Copyright @ 2017-2020 JCC Rouf Library
Rouf Library, Jhenidah Cadet College (JCC), Bangladesh